000
00309nam a2200133Ia 4500
008
191201s2019 xx 000 0 und d
082
_a
174
_b
KAH
100
_a
KANNAN,S
245
0
_a
Human Values And Professional Ethics
260
_a
N. Delhi
_b
Taxmann,s
300
_a
180
650
_a
BBA
942
_2
ddc
_c
BK
999
_c
4626
_d
4626